All Aladdin characters by screen time - Statistics

General Stats
  • This quiz has been taken 28 times
  • The average score is 7 of 13
Answer Stats
% Of Movie Screen Time Answer % Correct
44.94 40:44 Aladdin
100%
17.84 16:10 Abu
84%
19.38 17:34 Genie
84%
22.01 19:57 Jasmine
84%
22.58 20:28 Jafar
79%
10.67 9:40 Sultan
74%
14.01 12:42 Iago
63%
13.64 12:22 Magic Carpet
42%
3.16 2:52 Rajah
37%
3.71 3:22 Cave Guardian
16%
1.78 1:37 Gazeem
16%
1.95 1:46 Razou
11%
2.70 2:27 Peddler
0%
No matching quizzes found
Score Distribution
Percent of People with Each Score
Percentile by Number Answered
Your Score History
You have not taken this quiz